Etiqueta de registo: 00254nam 2200025 450
001 2104931
003 http://id.bnportugal.gov.pt/bib/catbnp/2104931
010 ## $a978-989-33-1710-5
021 ## $aPT$b483338/21
100 ## $a20220715d2021 m y0pory01030103ba
101 0# $apor
102 ## $aPT
105 ## $aa z 000yy
106 ## $ar
200 1# $a A tamareira de Débora$fAntónio Monteiro$gpref. Vítor Serrão
210 #9 $aSantarém$c[s.n.],$d2021
215 ## $a211, [1] p$cil.$d24 cm
675 ## $a726.54.02(469.421)"17"(042)$vBN$zpor$31856427
675 ## $a726.54.04(469.421)"15/17"(042)$vBN$zpor$31856428
700 #1 $95$aMonteiro,$bAntónio$31852329
702 #1 $aSerrão,$bVítor,$f1952-$4080$325223
801 #0 $aPT$bBN$gRPC
856 41 $uhttp://rnod.bnportugal.gov.pt/ImagesBN/winlibimg.aspx?skey=&doc=2104931&img=168158&save=true
900 ## $aBIBNAC$d20220930
966 ## $lBN$mFGMON$sB.A. 47670 V.$x1
966 ## $lBN$mFGMON$sB.A. 47670 V.-D$x1
971 ## $corlando$d20220715
972 ## $d20220930$e0$vlrevez$z0
973 ## $cmlsousa$d20220824
Etiqueta de registo: 00254nam 2200025 450
001 2285646
003 http://id.bnportugal.gov.pt/bib/catbnp/2285646
010 ## $a978-989-35411-8-0
021 ## $aPT$b559277/26
100 ## $a20260504d2025 m y0pory01030103ba
101 0# $apor
102 ## $aPT
105 ## $aa z 000yy
106 ## $ar
200 1# $a A Quinta da Gafaria$erazões históricas de um topónimo d'além Tejo$fAntónio Monteiro$gpref. Martinho Vicente Rodrigues
205 ## $a1ª ed
210 #9 $aSantarém$cCentro de Investigação Professor Doutor Joaquim Veríssimo Serrão,$d2025
215 ## $a188 p.$cil.$d24 cm
700 #1 $95$aMonteiro,$bAntónio$31852329
702 #1 $aRodrigues,$bMartinho Vicente,$f194?-$4080$3129994
801 #0 $aPT$bBN$gRPC
966 ## $lBN$mFGMON$x1
966 ## $lBN$mFGMON$x1
971 ## $cssilva$d20260504